Porezi i porezne aktualnosti u 1998

Gespeichert in:
Bibliographische Detailangaben
1. Verfasser: Lončar, Vlatka
Weitere Verfasser: Pavlov, Zvjezdana, Roller, Dragan
Format: Buch
Sprache:Kroatisch
Veröffentlicht: Zagreb Inženjerski biro 1998
Ausgabe:Posebno izd.
Schlagworte:
Tags: Tag hinzufügen
Keine Tags, Fügen Sie das erste Tag hinzu!

MARC

LEADER 00000nam a2200000 4500
001 c119837
005 20221221083226.9
020 |a 953-6447-14-2 
041 0 |a hrv 
044 |a HR 
245 1 0 |a Porezi i porezne aktualnosti u 1998  |c Vlatka Lončar, Zvjezdana Pavlov, Dragan Roller 
250 |a Posebno izd. 
264 1 |a Zagreb  |b Inženjerski biro  |c 1998 
300 |a 229 s. 
610 2 0 |a dane 
610 2 0 |a Chorvátsko 
610 2 0 |a dôchodky 
610 2 0 |a zákony 
100 1 |a Lončar, Vlatka 
700 1 |a Pavlov, Zvjezdana 
700 1 |a Roller, Dragan